Voge'ls Text books of Practical Organic Chemistry (Record no. 5596)

MARC details
000 -LEADER
fixed length control field 00536nam a22001817a 4500
005 - DATE AND TIME OF LATEST TRANSACTION
control field 20240117103100.0
008 - FIXED-LENGTH DATA ELEMENTS--GENERAL INFORMATION
fixed length control field 170919b xxu||||| |||| 00| 0 eng d
020 ## - INTERNATIONAL STANDARD BOOK NUMBER
ISBN 978-81-7758-957-3
041 ## - LANGUAGE CODE
Language code of text/sound track or separate title eng
082 ## - DEWEY DECIMAL CLASSIFICATION NUMBER
Classification number 547
Item number FUR-T
100 ## - MAIN ENTRY--AUTHOR NAME
Personal name FURNISS, BRIAN S. , HANNAFORD, ANTONY J. SMITH, PETER W.G. AND TATCHELL, AUSTIN, R.
245 ## - TITLE STATEMENT
Title Voge'ls Text books of Practical Organic Chemistry
250 ## - EDITION STATEMENT
Edition statement 5th
260 ## - PUBLICATION, DISTRIBUTION, ETC. (IMPRINT)
Place of publication New Delhi
Name of publisher Pearson
300 ## - PHYSICAL DESCRIPTION
Number of Pages 1514
650 ## - SUBJECT ADDED ENTRY--TOPICAL TERM
Topical Term PHARMACY
General subdivision B.PHARMA & D.PHARMA
942 ## - ADDED ENTRY ELEMENTS (KOHA)
Koha item type Books
Holdings
Lost status Damaged status Collection code Home library Current library Shelving location Date acquired Source of acquisition Cost, normal purchase price Full call number Accession Number Koha item type
    PHARMACY JRU Library JRU Library Shelf - 27- I 19/09/2017 Purchase 1039.00 547 22062 Books
    PHARMACY JRU Library JRU Library SHELF-17-B 25/02/2022 PURCHASE 1500.00 547 26657 Books
    PHARMACY JRU Library JRU Library SHELF-17-B 25/02/2022 PURCHASE 1500.00 547 26658 Books
    PHARMACY JRU Library JRU Library SHELF-17-B 26/02/2022 PURCHASE 1500.00 547 26716 Books
    PHARMACY JRU Library JRU Library SHELF-17-B 26/02/2022 PURCHASE 1500.00 547 26717 Books